| 000 | 00480nam a2200193Ia 4500 | ||
|---|---|---|---|
| 008 | 151121s9999||||xx |||||||||||||| ||und|| | ||
| 082 | _a821/HOL | ||
| 082 | _bHNW-1161 | ||
| 100 | _aHolden George | ||
| 245 | _aPopes Rape Of The Lock | ||
| 260 | _bOxford At The Clarendon Pressą„¤ | ||
| 260 | _c-- | ||
| 300 | _a102 | ||
| 600 | _aHolden George | ||
| 630 | _aPopes Rape Of The Lock | ||
| 700 | _aHolden George | ||
| 730 | _aPopes Rape Of The Lock | ||
| 942 | _cBOOK | ||
| 999 |
_c1210385 _d1210382 |
||